000 00538nam a2200169 4500
001 145469
003 ES-MaACL
005 20230906201235.0
007 t|
008 070214s1969 sp r ||||1| spa d
100 1 _aSpiazzi, Raimondo.
_9107711
245 1 0 _aTeología pastoral hodegética /
_cRaimundo Spiazzi ; traducción, revisión e índices de Javier de Abarzuzza.
260 _aMadrid :
_bStudium,
_c1969.
300 _aXXIII, 661p. ;
_c21 cm.
700 1 _aAbarzuzza, Javier de.
_917973
852 _aES-MaACL
_jC-48357
_bR.70348
999 _c145469
_d145469